| 000 | 00954nam a2200289 a 4500 | ||
|---|---|---|---|
| 005 | 20220911202528.0 | ||
| 008 | 060629s2004 mx r 000 0 spa d | ||
| 020 | _a9700748677 | ||
| 035 | _aUPN01000145562 | ||
| 040 |
_aUPN _bspa _cUPN |
||
| 049 | _aI | ||
| 050 | 4 |
_aPZ73 _bM3.2 2004 |
|
| 100 | 1 |
_aMarshall, Henrietta Elizabeth, _d1876-1941 |
|
| 245 | 1 | 3 |
_aLa cabaña del tío Tom / _crelatada a los niños por H. E. Marshall. |
| 250 | _a4a ed. | ||
| 260 |
_aMéxico : _bPorrúa, _c2004. |
||
| 300 |
_a103 p., [8] p. de láms. : _bil. col. |
||
| 440 | 0 |
_aBiblioteca juvenil Porrúa ; _p50 |
|
| 500 | _aAdaptada de la obra de Harriet Beecher Stowe | ||
| 600 | 0 | 0 |
_aTío Tom _c(Personaje ficticio) _946272 |
| 650 | 0 |
_aEsclavitud _vNovela _94342 |
|
| 650 | 4 |
_aAFROAMERICANOS - _vNOVELA _94341 |
|
| 700 | 1 |
_aStowe, Harriet Elizabeth Beecher, _d1811-1896 _930276 |
|
| 905 | _aInfantil | ||
| 942 |
_2lcc _cLIBRO |
||
| 999 |
_c117708 _d117708 |
||